000 02241cam a2200397Ii 4500
003 CUTN
005 20260214103608.0
008 180706r20172016enka ob 001 0 eng d
020 _a9781315213507
020 _a9781351818773
020 _z9780415789783
020 _z9781621590491
041 _aEnglish
082 0 4 _a612.044
_bA652
245 0 0 _aApplied exercise & sport physiology with labs /
_cTerry J. Housh, University of Nebraska - Lincoln, Dona J. Housh, University of Nebraska Medical Center, Herbert A. deVries.
246 1 _aApplied exercise and sport physiology with labs.
250 _aFourth edition.
260 _aNY :
_bRoutledge,
_c2016.
300 _axx, 481 pages :
_bpb.
500 _aFirst published 2016 by Holcomb Hathaway.
505 0 _achapter 1 Why Study Exercise Physiology? -- chapter 2 Structure of Muscle Tissue and Muscle Contraction -- chapter 3 Metabolism and Metabolic Adaptations to Training -- chapter 4 The Nervous System -- chapter 5 The Cardiovascular System -- chapter 6 Respiration -- chapter 7 The Endocrine System -- chapter 8 The Immune System -- chapter 9 Health Benefits of Physical Activity -- chapter 10 Aerobic Exercise Prescriptions for Public Health, Cardiorespiratory Fitness, and Athletics -- chapter 11 Muscle Strength and Resistance Training for Health and Athletics -- chapter 12 Flexibility -- chapter 13 Sprinting and Speed Training -- chapter 14 Neuromuscular Fatigue -- chapter 15 Nutrition for Fitness and Athletics -- chapter 16 Ergogenic Aids for Fitness and Athletics -- chapter 17 Environment and Exercise -- chapter 18 Growth, Development, and Exercise in Children and Adolescents -- chapter 19 Aging and Exercise.
506 _aAccess restricted to subscribing institutions.
650 0 _aPhysiology
650 0 _xMusculoskeletal system
_xMovements.
700 1 _aDeVries, Herbert A.,
700 1 _aHoush, Dona J.,
700 1 _aHoush, Terry J.,
700 1 _eauthor.
700 1 _eauthor.
700 1 _eauthor.
776 0 8 _iPrint version:
_z9780415789783.
856 4 0 _uhttps://ezproxy.lib.gla.ac.uk/login?url=https://www.taylorfrancis.com/books/9781315213507
856 4 0 _zConnect to resource
907 _a.b43412944
942 _2ddc
_cCU
999 _c49287
_d49287